[Event "World Amateur-ch U1700"]
[Site "Muscat"]
[Date "2023.11.03"]
[Round "2.1"]
[White "Nitin, Rathore"]
[Black "Inyushkin, Sergei"]
[Result "0-1"]
[WhiteElo "1505"]
[BlackElo "1699"]
[PlyCount "76"]
[EventDate "2023.11.02"]
[EventType "swiss"]
[EventRounds "9"]
[EventCountry "OMN"]
[SourceTitle "CB46_2023"]
[SourceDate "2023.11.15"]
[SourceVersion "1"]
[SourceVersionDate "2023.11.15"]
[SourceQuality "1"]

1. e4 c6 2. d4 d5 3. exd5 cxd5 4. Bd3 Nc6 5. c3 Qc7 6. f4 Nf6 7. Nf3 Bg4 8. 0-0 e6 9. Qe1 Bxf3 10. Rxf3 Bd6 11. Rf1 0-0 12. Be3 g6 13. Nd2 Na5 14. Qh4 Be7 15. Qh3 Nc4 16. Nxc4 dxc4 17. Be2 Nd5 18. Bd2 f5 19. Rae1 Bd6 20. Qh6 Rfe8 21. Rf3 b5 22. h4 Nf6 23. Rg3 Ne4 24. Bf3 Bf8 25. Rxg6+ hxg6 26. Qxg6+ Qg7 27. Qh5 Ng3 28. Qg5 Qxg5 29. fxg5 Ne4 30. Bf4 Rad8 31. Bxe4 fxe4 32. Rxe4 Bd6 33. Be3 e5 34. Rg4 Rf8 35. g6 exd4 36. cxd4 Rde8 37. Bd2 Re2 38. Bc3 b4 0-1